Tribhuvan University Central Library

Asymptatic methods in queuing theory (Record no. 50227)

MARC details
000 -LEADER
fixed length control field 00656 a2200217 4500
041 ## - LANGUAGE CODE
Language code of text/sound track or separate title Eng.
082 ## - DEWEY DECIMAL CLASSIFICATION NUMBER
Classification number 519.82
Item number B645a
100 ## - MAIN ENTRY--PERSONAL NAME
Personal name Borovkov, A.A.
9 (RLIN) 8529
245 ## - TITLE STATEMENT
Title Asymptatic methods in queuing theory
260 ## - PUBLICATION, DISTRIBUTION, ETC.
Place of publication, distribution, etc. Chichester
Name of publisher, distributor, etc. John Wiley and Sons
Date of publication, distribution, etc. 1984
300 ## - PHYSICAL DESCRIPTION
Extent xi,292p. illus.
440 ## - SERIES STATEMENT/ADDED ENTRY--TITLE
Title Wiley series in probability and mathematical statistics
9 (RLIN) 7397
504 ## - BIBLIOGRAPHY, ETC. NOTE
Bibliography, etc. note Bibliography; p. 285-290
650 ## - SUBJECT ADDED ENTRY--TOPICAL TERM
Topical term or geographic name entry element Statistical mathematics
9 (RLIN) 5328
650 ## - SUBJECT ADDED ENTRY--TOPICAL TERM
Topical term or geographic name entry element Queuing theory
9 (RLIN) 8012
650 ## - SUBJECT ADDED ENTRY--TOPICAL TERM
Topical term or geographic name entry element Mathematical statistics
650 ## - SUBJECT ADDED ENTRY--TOPICAL TERM
Topical term or geographic name entry element Probality theory
9 (RLIN) 8530
650 ## - SUBJECT ADDED ENTRY--TOPICAL TERM
Topical term or geographic name entry element Statistical model
9 (RLIN) 8531
653 ## - INDEX TERM--UNCONTROLLED
Uncontrolled term Mathematics
942 ## - ADDED ENTRY ELEMENTS (KOHA)
Source of classification or shelving scheme Dewey Decimal Classification
Koha item type General Collections

No items available.